00262 a2200109 4500001000700000040003500007100002400042240003600066245003100102300000800133440001100141152997 cEscola São Tomás de Aquino aCONY, Carlos Heitor10aAs rapaduras são eternaslpor10aAs rapaduras são eternas a111 1aRecord